00938nam a2200205 a 450000100100000000500170001000800410002704000250006808200140009324502030010726000370031030000200034750000260036770000280039370000330042170000310045495201120048595201180059799900170071500003207720200930063417.0110712s1998 dr r 000 0 spa d aDO-SdBNPbspacBNPHU axxxxbE9200aEvaluación comparativa de los primeros dos años de gestión de los gobiernos dominicanos en las últimas dos decadas /crealización Melanio Paredes, Gertrudis de Espinal, Alberto Calderón. aSanto Domingo :b[s. n.],c1998. a49 p. ;c26 cm. aInventariado, 2018/BT1 aParedes, Melanio9535161 aEspinal, Gertrudis de9581951 aCalderón, Alberto958196 0010718PDaPDbPDcHDd2011-07-12iLF1l0oxxxx E92p32077-10r2020-06-25w2020-06-25yLFPDZNo se presta 0010718PDaPDbPDcHDd2018-08-28iLF1l0oxxxx E92p32077-20r2020-06-25te. 2w2020-06-25yLFPDZNo se presta c31568d31568